Breve reseña de las modificaciones que la Ley Bases incorporó a la LCT / (Registro nro. 5709)
[ vista simple ]
| 000 -LEADER | |
|---|---|
| fixed length control field | 01624nab a22002177a 4500 |
| 003 - CONTROL NUMBER IDENTIFIER | |
| control field | OSt |
| 005 - DATE AND TIME OF LATEST TRANSACTION | |
| control field | 20251230233317.0 |
| 008 - FIXED-LENGTH DATA ELEMENTS--GENERAL INFORMATION | |
| fixed length control field | 190605e xxu||||| |||| 00| 0 spa d |
| 040 ## - CATALOGING SOURCE | |
| Transcribing agency | PJ |
| 100 ## - MAIN ENTRY--PERSONAL NAME | |
| 9 (RLIN) | 5388 |
| Personal name | Balbín, Adolfo N. |
| 245 10 - TITLE STATEMENT | |
| Title | Breve reseña de las modificaciones que la Ley Bases incorporó a la LCT / |
| Statement of responsibility, etc | Adolfo N. Balbín. |
| 260 ## - PUBLICATION, DISTRIBUTION, ETC. (IMPRINT) | |
| Place of publication, distribution, etc | Ciudad Autónoma de Buenos Aires : |
| Name of publisher, distributor, etc | Thomson Reuters La Ley, |
| Date of publication, distribution, etc | 2024. |
| 300 ## - PHYSICAL DESCRIPTION | |
| Extent | p. 38-52 |
| 500 ## - GENERAL NOTE | |
| General note | Cita: TR LALEY AR/DOC/2092/2024<br/><br/> |
| 505 ## - FORMATTED CONTENTS NOTE | |
| Formatted contents note | Sumario: I. Introducción y objetivos.— II. Modificación en cuanto al ámbito de aplicación.— III. Reforma a la figura de la presunción del contrato de trabajo.— IV. Modificación en el terreno de la responsabilidad solidaria.— V. Reformas en el terreno de las modalidades contractuales.— VI. Remuneraciones, contratistas e intermediarios.— VII. Modificación en el tema atinente al trabajo de mujeres.— VIII. Modificación en el campo de la extinción del contrato de trabajo: el despido discriminatorio.— IX. Nuevos elementos en el marco del despido por justa causa.— X. Del art. 245 al fondo de cese laboral, sistema privado a costa del empleador y auto aseguro.— XI. Trabajadores independientes con colaboradores.— XII. Palabras finales. |
| 505 ## - FORMATTED CONTENTS NOTE | |
| Title | ¿Te interesa el texto completo? Solicitalo al correo: koha@justierradelfuego.gov.ar |
| 650 #0 - SUBJECT ADDED ENTRY--TOPICAL TERM | |
| 9 (RLIN) | 1316 |
| Topical term or geographic name as entry element | DERECHO LABORAL |
| 650 #0 - SUBJECT ADDED ENTRY--TOPICAL TERM | |
| 9 (RLIN) | 1391 |
| Topical term or geographic name as entry element | REFORMA LABORAL |
| 773 0# - HOST ITEM ENTRY | |
| Host Biblionumber | 2711 |
| Host Itemnumber | 3168 |
| Place, publisher, and date of publication | Ciudad Autónoma de Buenos Aires : Thomson Reuters La Ley, 1999-2002. |
| Title | Revista de derecho del trabajo. Nº 5 - Septiembre 2024 |
| 942 ## - ADDED ENTRY ELEMENTS (KOHA) | |
| Source of classification or shelving scheme | |
| Koha item type | Analítica Artículo de Revista |
No hay ítems disponibles.
